The general theory of employment, interest and money / (Record no. 178477)

MARC details
000 -LEADER
fixed length control field 00733nam a22001937a 4500
005 - DATE AND TIME OF LATEST TRANSACTION
control field 20210331155427.0
010 ## - LCCN (DPL NO)
LC control number B-738679
020 ## - INTERNATIONAL STANDARD BOOK NUMBER
International Standard Book Number 9788126906581
Terms of availability 350.00
035 ## - SYSTEM CONTROL NUMBER
System control number B-738679
037 ## - SOURCE OF ACQUISITION
Source of stock number/acquisition Gift
082 ## - DEWEY DECIMAL CLASSIFICATION NUMBER
Classification number 330.156
100 ## - MAIN ENTRY--PERSONAL NAME
Personal name Keynes, John Maynard
245 ## - TITLE STATEMENT
Title The general theory of employment, interest and money /
Statement of responsibility, etc by John Maynard Keynes
260 ## - PUBLICATION, DISTRIBUTION, ETC. (IMPRINT)
Place of publication, distribution, etc New Delhi
Name of publisher, distributor, etc Atlantic Publishers and Distributors
Date of publication, distribution, etc 2012
270 ## - ADDRESS
Address 7/22, Ansari Road, Daryaganj
City New Delhi
Postal code 110002
300 ## - PHYSICAL DESCRIPTION
Extent xlvi, 351p.
Dimensions 21cm(pbk)
942 ## - ADDED ENTRY ELEMENTS (KOHA)
Source of classification or shelving scheme Dewey Decimal Classification
Item type English Books
Classification part 330.156
Call number suffix KEY
Holdings
Withdrawn status Lost status Not for loan Collection code Home library Current library Date acquired Source of acquisition Cost, normal purchase price Full call number Barcode Copy number Cost, replacement price Koha item type
      Non-fiction Central Library Central Library 31/03/2021 Gift/Eng/26-02-2021 350.00 330.156 KEY B-738679 1 350.00 English Books

© Delhi Public Library
Hit Counter
free hit counter